Personnalités de BA à BZ # 2 - Statistiques

Statistiques générales
  • Ce quiz a été pris 240 fois
  • Le résultat moyen est 9 sur 25
Statistiques - réponses
Indices Initiales Réponses % Correct
Actrice, mannequin, chanteuse et militante des droits des animaux BB Brigitte Bardot
91%
44e président des Etas Unis BO Barack Obama
82%
Actionnaire majoritaire et pdg du groupe de luxe LVMH BA Bernard Arnault
78%
Homme d'affaires qui fut notamment propriétaire d'Adidas et de l'Olympique de Marseille BT Bernard Tapie
76%
Candidat du PS à l'élection présidentielle de 2017 BH Benoît Hamon
68%
Membre des Inconnus BC Bernard Campan
68%
Footballeur international né à Maubeuge qui évolue au Bayern Munich depuis 2019 BP Benjamin Pavard
50%
Animateur depuis 2018 du jeu " Les Z'amours" BG Bruno Guillon
50%
Cofondateur de Médecins sans frontières et de Médecins du monde, il a été ministre de différents gouvernements BK Bernard Kouchner
47%
Ecrivain principalement connu pour sa trilogie des Fourmis BW Bernard Werber
44%
Actrice révélée en 1985 pour son rôle de Betty dans 37°2 le matin de Jean-Jacques Beineix BD Béatrice Dalle
41%
Actrice et animatrice de radio qui fut l'une des premières stars du cinéma pornographique des années 70 BL Brigitte Lahaie
40%
Sainte catholique née à Lourdes et canonisée en 1933 BS Bernadette Soubirous
36%
Musicien et producteur anglais, célèbre pour son ambient music et son travail de production sonore pour U2, Coldplay, David Bowie... BE Brian Eno
32%
Auteur-interprète atypique et décalée, elle apporte depuis les années 1960 un vent de fantaisie et de liberté sur la scène musicale française BF Brigitte Fontaine
29%
"Bison Ravi" ou" Vernon Sullivan" BV Boris Vian
28%
Humoriste créateur la mini série parodique "Broute" BU Bertrand Usclat
15%
Réalisateur du film "Les Adieux à la reine," prix Louis-Delluc en 2012 BJ Benoît Jacquot
9%
Auteur de romans policiers né à Béziers ( Glacé, N'éteins pas la lumière, Soeurs ) BM Bernard Minier
8%
Footballeur, reconverti consultant et entraîneur de l'US Quevilly Rouen Métropole depuis 2020 BI Bruno Irles
7%
Directeur de la photographie réputé et réalisateur du film "Camille Claudel" BN Bruno Nuytten
7%
Photographe portraitiste ayant réalisé le portrait officiel de Jacques Chirac en 1995 BR Bettina Rheims
3%
Député LREM de la 4e circonscription de l'Eure depuis 2017 BQ Bruno Questel
1%
Disc jockey et producteur de musique turc ( "Tuesday" en 2016 ) BY Burak Yeter
1%
Ingénieur et pilote d'essai ayant notamment participé aux premiers vols des Airbus A300, A310, A320 et A340-200 BZ Bernard Ziegler
0%
Aucun quiz correspondant
Distribution des résultats
% des personnes avec chaque résultat
Percentile par nombre de réponses
Votre historique - résultats
Vous n’avez pas pris ce quiz